Ad hoc networking (Record no. 16391)
[ view plain ]
| 000 -LEADER | |
|---|---|
| fixed length control field | 00560nam a22001577a 4500 |
| 008 - FIXED-LENGTH DATA ELEMENTS--GENERAL INFORMATION | |
| fixed length control field | 230329b |||||||| |||| 00| 0 eng d |
| 020 ## - INTERNATIONAL STANDARD BOOK NUMBER | |
| International Standard Book Number | 9780-387-34635-9 |
| 040 ## - CATALOGING SOURCE | |
| Original cataloging agency | National Science Library |
| Transcribing agency | National Science Library |
| 080 ## - UNIVERSAL DECIMAL CLASSIFICATION NUMBER | |
| Universal Decimal Classification number | D 681.324(082.2) |
| Item number | P6 |
| 245 ## - TITLE STATEMENT | |
| Title | Ad hoc networking |
| Statement of responsibility, etc. | /IFIP 19th world computer congress TC-6 IFIP interactive conference on Ad hoc networking, August 20-25, 2006, Santiago, Chile |
| 260 ## - PUBLICATION, DISTRIBUTION, ETC. | |
| Place of publication, distribution, etc. | New York: |
| Name of publisher, distributor, etc. | Springer, |
| Date of publication, distribution, etc. | 2006 |
| 300 ## - PHYSICAL DESCRIPTION | |
| Extent | 188p. |
| 650 ## - SUBJECT ADDED ENTRY--TOPICAL TERM | |
| Topical term or geographic name entry element | Network |
| 700 ## - ADDED ENTRY--PERSONAL NAME | |
| Personal name | Agha, Khaldoun Al (Ed.) |
| 942 ## - ADDED ENTRY ELEMENTS (KOHA) | |
| Source of classification or shelving scheme | Universal Decimal Classification |
| Koha item type | Proceedings |
| Withdrawn status | Lost status | Damaged status | Not for loan | Home library | Current library | Shelving location | Date acquired | Total Checkouts | Full call number | Barcode | Date last seen | Price effective from | Koha item type |
|---|---|---|---|---|---|---|---|---|---|---|---|---|---|
| National Science Library | National Science Library | GF/Rk-4/C-16/R-1 | 18/08/2006 | D 681.324(082.2) P6 | 226650 | 29/03/2023 | 29/03/2023 | Proceedings |